| 000 | 00433nam a2200157 a 4500 | ||
|---|---|---|---|
| 001 | 1077 | ||
| 003 | CDMR | ||
| 005 | 20130524093601.0 | ||
| 008 | 130130s1975||||||||||||||||||||||||||||d | ||
| 040 |
_aCDMR _bcat _cCDMR |
||
| 100 | 1 |
_aCalaf Sole, Rose Maria _9845 |
|
| 245 | 1 | 3 |
_aEl secreto profesional del periodista _cRosa Maria Calaf Sole |
| 260 |
_aBarcelona _c1975 |
||
| 650 | 0 | 4 |
_93087 _aSecret professional _xPeriodisme |
| 942 |
_cTSN _2udc |
||
| 999 |
_c1077 _d1077 |
||